• 首页
  • 本馆介绍
  • 公告通知
  • 最新文献
  • 馆藏检索
  • 电子资源
  • 读者导购
  • 参考咨询
  • 我的图书馆
  • 登录
  • 详细信息显示
  • 放入我的书架
  • 预约/预借图书
  • 作者相关作品
  • 分类相关作品
  • 丛书相关作品
  • 出版社相关作品

书目信息

  • 表格格式
  • 工作单格式
  • 卡片格式
题名:
纳米科技概论
    
 
作者: 沈海军 编著
分册:  
出版信息: 北京   国防工业出版社  2007
页数: 262页
开本: 20cm
丛书名:
单 册:
中图分类: TB383
科图分类:
主题词: 纳米材料--概论 , 纳米技术
电子资源:
ISBN: 9787118049626
000 00750nam0 2200241 450
001 012007598079
005 20070516163825.73
010    @a9787118049626@dCNY20.00
100    @a20070430d2007 km y0chiy0120 ea
101 0  @achi
102    @aCN@b110000
105    @aa z 000yy
106    @ar
200 1  @a纳米科技概论@Ana mi ke ji gai lun@f沈海军编著@Fshen hai jun bian zhu
210    @a北京@c国防工业出版社@d2007
215    @a262页@c图@d20cm
330    @a全书共分为8章。分别从纳米材料、纳米器件、纳米尺度的检测与表征三个方面详细的介绍了纳米科技的发展。具有很强的知识性.
606 0  @a纳米材料@x概论
606 0  @a纳米技术
690    @aTB383@v4
701  0 @a沈海军@Ashen hai jun@4编著
801  0 @aCN@bRULIN@c20070516
905    @dTB383@e152@s5
    
    纳米科技概论/沈海军编著.-北京:国防工业出版社,2007
    262页:图;20cm
    
    
    ISBN 9787118049626:CNY20.00
    全书共分为8章。分别从纳米材料、纳米器件、纳米尺度的检测与表征三个方面详细的介绍了纳米科技的发展。具有很强的知识性.
●
相关链接 在E读中查询图书 在五车中查询图书 在当当中查询图书 在豆瓣中查询图书


正题名:纳米科技概论     索取号:TB383/152         预约/预借

序号 登录号 条形码 馆藏地/架位号 状态 备注
1 0571765   205717651   第二样本阅览室/ [索取号:TB383/152] 在馆    
2 0571766   205717660   第三借阅区/ [索取号:TB383/152] 在馆    
3 0571767   205717679   第三借阅区/ [索取号:TB383/152] 在馆    
4 0571768   205717688   第三借阅区/ [索取号:TB383/152] 在馆    
5 0571769   205717697   第三借阅区/ [索取号:TB383/152] 在馆    
唐山师范学院图书馆 欢迎您!
大连网信软件有限公司© 版权所有